When Democracy Builds

Na minha lista:
Detalhes bibliográficos
Autor principal: Wright, Frank Lloyd (Author)
Formato: Livro
Idioma:inglês
Publicado em: Chicago: University of Chicago Press , 1945
Assuntos:
Tags: Adicionar Tag
Sem tags, seja o primeiro a adicionar uma tag!

MARC

LEADER 00000nam a22000003a 4500
001 stu75195
005 20150617225647.9
008 020321s1945------------------------eng-d
040 |a STU  |b slo 
041 0 |a eng 
100 1 |a Wright, Frank Lloyd  |4 aut 
245 1 |a When Democracy Builds 
260 |a Chicago: University of Chicago Press ,  |c 1945 
300 |a 139 s 
650 7 |a architektúra-teória  |2 stusub 
996 |b 284AU00126  |c A*3677 U  |l AAKNAR  |s A  |a 24  |w stu75195_0001